000 01074nam a2200229Ia 4500
999 _c39209
_d39209
001 5795
003 GE_BSU
005 20190517152538.0
008 181216s1982||||ge |||||||||||||| ||geo||
040 _cGE_BSU
041 _ageo
080 _a629.113.017(075.8) მ-62
100 _aმეძმარიაშვილი, გ.
_91079
245 _aავტომობილების ტექნიკური ექსპლუატაცია /
_cგ. მეძმარიაშვილი ; რედ. ი.გოგუაძე
250 _aმე-2 შევსებული და გადამუშავებული გამოცემა
264 _aთბილისი :
_bგანათლება,
_c1982.
300 _a397 გვ. :
_bილ. ;
_c22 სმ.
504 _aბიბლიოგრ. : გვ.396.
653 _aავტომობილების ტექნიკური ექსპლუატაცია
700 _aგოგუაძე, ი.
_eრედაქტორი
_91305
942 _cBK
_2udc